NFL Top 10 Passing Yards 1990s - Statistics

General Stats
  • This quiz has been taken 77 times
  • The average score is 77 of 100
Answer Stats
Year Team Player % Correct
1999: 4 Packers Brett Favre
97%
1998: 1 Packers Brett Favre
97%
1997: 2 Packers Brett Favre
97%
1996: 4 Packers Brett Favre
97%
1995: 1 Packers Brett Favre
97%
1994: 5 Packers Brett Favre
97%
1993: 6 Packers Brett Favre
97%
1992: 9 Packers Brett Favre
97%
1997: 6 Broncos John Elway
97%
1996: 7 Broncos John Elway
97%
1995: 5 Broncos John Elway
97%
1994: 8 Broncos John Elway
97%
1993: 1 Broncos John Elway
97%
1991: 8 Broncos John Elway
97%
1990: 5 Broncos John Elway
97%
1999: 2 Rams Kurt Warner
97%
1999: 3 Colts Peyton Manning
97%
1998: 3 Colts Peyton Manning
97%
1998: 2 49ers Steve Young
97%
1994: 4 49ers Steve Young
97%
1993: 2 49ers Steve Young
97%
1992: 2 49ers Steve Young
97%
1998: 7 Dolphins Dan Marino
95%
1997: 3 Dolphins Dan Marino
95%
1995: 9 Dolphins Dan Marino
95%
1994: 2 Dolphins Dan Marino
95%
1992: 1 Dolphins Dan Marino
95%
1991: 2 Dolphins Dan Marino
95%
1990: 4 Dolphins Dan Marino
95%
1999: 6 Patriots Drew Bledsoe
95%
1998: 6 Patriots Drew Bledsoe
95%
1997: 4 Patriots Drew Bledsoe
95%
1996: 3 Patriots Drew Bledsoe
95%
1994: 1 Patriots Drew Bledsoe
95%
1997: 8 Cowboys Troy Aikman
95%
1996: 9 Cowboys Troy Aikman
95%
1993: 10 Cowboys Troy Aikman
95%
1992: 4 Cowboys Troy Aikman
95%
1997: 5 Seahawks Warren Moon
95%
1995: 3 Vikings Warren Moon
95%
1994: 3 Vikings Warren Moon
95%
1993: 3 Oilers Warren Moon
95%
1991: 1 Oilers Warren Moon
95%
1990: 1 Oilers Warren Moon
95%
1993: 5 Bills Jim Kelly
93%
1992: 3 Bills Jim Kelly
93%
1991: 3 Bills Jim Kelly
93%
1998: 5 Vikings Randall Cunningham
90%
1990: 6 Eagles Randall Cunningham
90%
1994: 10 Chiefs Joe Montana
88%
1990: 3 49ers Joe Montana
88%
1999: 7 Raiders Rich Gannon
85%
1993: 4 Jets Boomer Esiason
80%
1990: 10 Bengals Boomer Esiason
80%
1998: 9 Jets Vinny Testaverde
78%
1996: 2 Ravens Vinny Testaverde
78%
1997: 9 Jaguars Mark Brunell
76%
1996: 1 Jaguars Mark Brunell
76%
1992: 8 Redskins Mark Rypien
73%
1991: 4 Redskins Mark Rypien
73%
1999: 5 Redskins Brad Johnson
69%
1999: 1 Panthers Steve Beuerlein
69%
1993: 9 Cardinals Steve Beuerlein
69%
1998: 10 Oilers Steve McNair
69%
1995: 5 Saints Jim Everett
66%
1994: 6 Saints Jim Everett
66%
1992: 6 Rams Jim Everett
66%
1991: 6 Rams Jim Everett
66%
1990: 2 Rams Jim Everett
66%
1993: 8 Steelers Neil O'Donnell
63%
1998: 8 Redskins Trent Green
63%
1991: 5 Browns Bernie Kosar
61%
1995: 10 Cardinals Dave Krieg
61%
1992: 10 Chiefs Dave Krieg
61%
1990: 8 Seahawks Dave Krieg
61%
1999: 10 Bills Doug Flutie
61%
1997: 1 Raiders Jeff George
61%
1995: 4 Fakcons Jeff George
61%
1994: 7 Fakcons Jeff George
61%
1991: 7 Jets Ken O'Brien
58%
1991: 9 Bears Jim Harbaugh
56%
1991: 10 Falcons Chris Miller
54%
1999: 8 Chiefs Elvis Grbac
54%
1994: 9 Raiders Jeff Hostetler
53%
1993: 7 Raiders Jeff Hostetler
53%
1992: 5 Chargers Stan Humphries
53%
1995: 7 Bears Erik Kramer
47%
1997: 7 Lions Scott Mitchell
46%
1996: 10 Lions Scott Mitchell
46%
1995: 2 Lions Scott Mitchell
46%
1996: 8 Falcons Bobby Hebert
42%
1992: 7 Saints Bobby Hebert
42%
1998: 4 Cardinals Jake Plummer
42%
1999: 9 Seahawks Jon Kitna
41%
1996: 5 Bengals Jeff Blake
39%
1995: 8 Bengals Jeff Blake
39%
1990: 7 Chiefs Steve DeBerg
39%
1996: 6 Redskins Gus Frerotte
31%
1997: 10 Cardinals Tony Banks
29%
1990: 9 Cardinals Timm Rosenbach
14%
No matching quizzes found
Score Distribution
Percent of People with Each Score
Percentile by Number Answered
Your Score History
You have not taken this quiz